[Event "ENCI Limburg-open A"]
[Site "Maastricht"]
[Date "2012.05.26"]
[Round "2"]
[White "Bok, Benjamin"]
[Black "Ducarmon, Quinten"]
[Result "1/2-1/2"]
[WhiteElo "2502"]
[BlackElo "2368"]
[PlyCount "81"]
[EventDate "2012.05.25"]
[EventType "swiss"]
[EventRounds "7"]
[EventCountry "NED"]
[Source "P.Boonen"]
[SourceDate "2013.01.01"]

1. e4 c6 2. d4 d5 3. Nc3 dxe4 4. Nxe4 Bf5 5. Ng3 Bg6 6. h4 h6 7. Nf3 Nd7 8. h5
Bh7 9. Bd3 Bxd3 10. Qxd3 e6 11. Bd2 Ngf6 12. O-O-O Be7 13. Kb1 O-O 14. Ne4 Nxe4
15. Qxe4 Nf6 16. Qe2 Qd5 17. Be3 Ng4 18. Bc1 Rfd8 19. c4 Qf5+ 20. Ka1 Rd7 21.
Nh4 Bxh4 22. Rxh4 Nf6 23. g4 Qe4 24. Be3 c5 25. f3 Qc6 26. g5 cxd4 27. Rhxd4
Rxd4 28. Bxd4 Nxh5 29. gxh6 Rd8 30. Bxg7 Rxd1+ 31. Qxd1 Qxc4 32. Bc3 Kh7 33.
Qc2+ f5 34. Qc1 Ng3 35. a3 f4 36. Qc2+ Nf5 37. Qg2 Kxh6 38. Qh3+ Kg6 39. Qg4+
Kh6 40. Qh3+ Kg6 41. Qg4+ 1/2-1/2

[Event "ENCI Limburg-open A"]
[Site "Maastricht"]
[Date "2012.05.26"]
[Round "2"]
[White "Broekmeulen, Joris"]
[Black "Schroer, Marcel"]
[Result "1-0"]
[WhiteElo "1999"]
[BlackElo "2091"]
[PlyCount "103"]
[EventDate "2012.05.25"]
[EventType "swiss"]
[EventRounds "7"]
[EventCountry "NED"]
[Source "P.Boonen"]
[SourceDate "2013.01.01"]

1. e4 c6 2. Nf3 d5 3. exd5 cxd5 4. Ne5 Nf6 5. d4 g6 6. c3 Bg7 7. Bd3 O-O 8. Nd2
Nc6 9. Qc2 Nxe5 10. dxe5 Nd7 11. e6 Nc5 12. exf7+ Rxf7 13. O-O Nxd3 14. Qxd3
Bf5 15. Qe2 e5 16. Nb3 d4 17. cxd4 exd4 18. Bf4 d3 19. Qd2 a5 20. Bg5 Qd5 21.
Rad1 Rd7 22. Rfe1 Qb5 23. Bh6 Bxh6 24. Qxh6 Qb6 25. h3 Be6 26. Nc1 Rad8 27. Rd2
Qc6 28. Qe3 Bc4 29. b3 Ba6 30. Red1 Qc3 31. Qe6+ Kh8 32. Qe3 Rd6 33. Re1 Qg7
34. Qg5 Rd5 35. Qh4 R5d7 36. Qg5 h6 37. Qxa5 Rd5 38. Qb6 Qc3 39. Qe3 Qf6 40.
Qxh6+ Kg8 41. Qe3 R5d6 42. Red1 Qc3 43. f4 Rd5 44. Qe6+ Kg7 45. Qe7+ Kg8 46.
Qe6+ Kg7 47. Qe3 R8d7 48. Ne2 dxe2 49. Qxc3+ Kg8 50. Rxd5 exd1=Q+ 51. Rxd1
Rxd1+ 52. Kh2 1-0

[Event "ENCI Limburg-open A"]
[Site "Maastricht"]
[Date "2012.05.26"]
[Round "2"]
[White "Brustkern, Juergen"]
[Black "Van Foreest, Jorden"]
[Result "1-0"]
[WhiteElo "2244"]
[BlackElo "2175"]
[PlyCount "43"]
[EventDate "2012.05.25"]
[EventType "swiss"]
[EventRounds "7"]
[EventCountry "NED"]
[Source "P.Boonen"]
[SourceDate "2013.01.01"]

1. d4 d5 2. c4 c6 3. Nc3 Nf6 4. Nf3 dxc4 5. a4 e6 6. e4 Bb4 7. Bxc4 Nxe4 8. O-O
Nxc3 9. bxc3 Be7 10. Ne5 Nd7 11. Qg4 Nxe5 12. dxe5 g6 13. Bh6 Qc7 14. Rfe1 Bd7
15. Qf3 c5 16. Rab1 Bc6 17. Bb5 Bxb5 18. Rxb5 O-O-O 19. Bg7 a6 20. Rb2 Rhe8 21.
Reb1 Rd7 22. Rxb7 1-0

[Event "ENCI Limburg-open A"]
[Site "Maastricht"]
[Date "2012.05.26"]
[Round "2"]
[White "Bus, Tom"]
[Black "Schleipfenbauer, Frank"]
[Result "1/2-1/2"]
[WhiteElo "2138"]
[BlackElo "2073"]
[PlyCount "27"]
[EventDate "2012.05.25"]
[EventType "swiss"]
[EventRounds "7"]
[EventCountry "NED"]
[Source "P.Boonen"]
[SourceDate "2013.01.01"]

1. c4 e5 2. g3 Nc6 3. Nc3 g6 4. Bg2 Bg7 5. e4 Nge7 6. Nge2 O-O 7. O-O d6 8. d3
f5 9. Nd5 h6 10. Be3 Nxd5 11. cxd5 Nd4 12. f3 c5 13. dxc6 bxc6 14. b4 1/2-1/2

[Event "ENCI Limburg-open A"]
[Site "Maastricht"]
[Date "2012.05.26"]
[Round "2"]
[White "Coenen, Eduard"]
[Black "Stiefel, Roland"]
[Result "1/2-1/2"]
[WhiteElo "2042"]
[BlackElo "2059"]
[PlyCount "104"]
[EventDate "2012.05.25"]
[EventType "swiss"]
[EventRounds "7"]
[EventCountry "NED"]
[Source "P.Boonen"]
[SourceDate "2013.01.01"]

1. d4 c5 2. c3 e6 3. Bf4 Nf6 4. e3 Be7 5. Nf3 b6 6. Bd3 Bb7 7. Nbd2 O-O 8. Qc2
d6 9. g4 g6 10. h4 Nxg4 11. h5 f5 12. hxg6 hxg6 13. Rg1 Nd7 14. Rxg4 fxg4 15.
Ba6 Kg7 16. Bxb7 gxf3 17. O-O-O cxd4 18. Rg1 Rf5 19. Nxf3 d3 20. Qd1 Nf8 21.
Nd4 Rb8 22. Be4 Kf7 23. Qxd3 Qd7 24. Bh6 d5 25. Bxf5 exf5 26. Nf3 Bf6 27. Bg5
Re8 28. Bxf6 Kxf6 29. Qd4+ Ke7 30. Ne5 Qe6 31. Qh4+ Kd6 32. f4 Re7 33. Qh6 Qf6
34. Qh1 Rg7 35. Rd1 Qe6 36. c4 g5 37. Rxd5+ Kc7 38. Qh8 Rg8 39. Qh5 gxf4 40.
exf4 Rg7 41. b3 a6 42. Qd1 Qh6 43. Nd3 Qh3 44. Qe1 Nd7 45. c5 Qh6 46. Rd6 Qh8
47. Ne5 Nxc5 48. Qd1 Qf8 49. Rc6+ Kb7 50. Qd5 Ka7 51. Rd6 Re7 52. Ng6 Re1+
1/2-1/2

[Event "ENCI Limburg-open A"]
[Site "Maastricht"]
[Date "2012.05.26"]
[Round "2"]
[White "Dalemans, Diana"]
[Black "Akstinat, Sven Holger"]
[Result "1/2-1/2"]
[WhiteElo "1964"]
[BlackElo "2122"]
[PlyCount "119"]
[EventDate "2012.05.25"]
[EventType "swiss"]
[EventRounds "7"]
[EventCountry "NED"]
[Source "P.Boonen"]
[SourceDate "2013.01.01"]

1. f4 d5 2. Nf3 Nf6 3. g3 c5 4. Bg2 Nc6 5. O-O g6 6. d3 Bg7 7. Nc3 d4 8. Ne4
Qb6 9. Nfd2 Nxe4 10. dxe4 O-O 11. a4 Rd8 12. Rb1 Na5 13. b3 Bd7 14. Ba3 Qc7 15.
Kh1 Rab8 16. Qe1 b5 17. axb5 Bxb5 18. Qf2 Bf8 19. f5 Be8 20. Nf3 Bh6 21. Bc1
Bxc1 22. Rbxc1 Rb6 23. Ng5 Rf6 24. g4 h6 25. Nf3 Rb6 26. e5 g5 27. h4 f6 28.
hxg5 hxg5 29. exf6 exf6 30. Nd2 Rd7 31. Kg1 Rh7 32. Bd5+ Kf8 33. c3 Qe5 34. Bf3
dxc3 35. Ne4 Nxb3 36. Rxc3 Bc6 37. Re3 Qd4 38. Ng3 Bxf3 39. exf3 Re7 40. Rfe1
Rxe3 41. Rxe3 Na5 42. Ne2 Qd1+ 43. Kg2 Rb1 44. Ng3 Nc4 45. Re2 Qd4 46. Ne4
Qxf2+ 47. Kxf2 Rb2 48. Nxf6 Rxe2+ 49. Kxe2 Ne5 50. Ne4 c4 51. Nxg5 a5 52. Ne4
a4 53. Nc3 a3 54. Ke3 Nc6 55. Na2 Ke7 56. Kd2 Ne5 57. Kc3 Kf6 58. f4 Nxg4 59.
Kxc4 Kxf5 60. Kb3 1/2-1/2

[Event "ENCI Limburg-open A"]
[Site "Maastricht"]
[Date "2012.05.26"]
[Round "2"]
[White "Dambacher, Martijn"]
[Black "Vedder, Henk"]
[Result "1-0"]
[WhiteElo "2484"]
[BlackElo "2373"]
[PlyCount "117"]
[EventDate "2012.05.25"]
[EventType "swiss"]
[EventRounds "7"]
[EventCountry "NED"]
[Source "P.Boonen"]
[SourceDate "2013.01.01"]

1. d4 d5 2. c4 e6 3. Nf3 Nf6 4. Nc3 c5 5. cxd5 cxd4 6. Qxd4 Nxd5 7. e4 Nxc3 8.
Qxc3 Nc6 9. a3 Qf6 10. e5 Qg6 11. Bb5 Bd7 12. O-O Be7 13. Rd1 Rd8 14. Be3 f6
15. Rd2 a6 16. Ba4 Qg4 17. b4 b5 18. h3 Qe4 19. Bc2 Qc4 20. Qxc4 bxc4 21. Rad1
c3 22. Rd3 fxe5 23. Rxc3 Bf6 24. Rxd7 Kxd7 25. Ba4 Rc8 26. Nd2 Rhd8 27. Bb6 e4
28. Rc2 Rf8 29. Nxe4 Be5 30. Rd2+ Ke7 31. Bc5+ Kf7 32. Rd7+ Kg8 33. Bxf8 Kxf8
34. Nc5 Kg8 35. Bxc6 Rxc6 36. Ra7 Rd6 37. g3 Bd4 38. Rxa6 Bxc5 39. Ra8+ Kf7 40.
bxc5 Rd1+ 41. Kg2 Rc1 42. Ra5 Rc3 43. a4 Rc4 44. Kf3 Kf6 45. Ke3 Rc2 46. Rb5 h6
47. a5 Ke5 48. Rb7 g5 49. Rb3 Ra2 50. Rc3 Rxa5 51. c6 Ra8 52. c7 Rc8 53. Rc5+
Kd6 54. Kd4 e5+ 55. Kc4 Rxc7 56. Rxc7 Kxc7 57. Kd5 Kd7 58. Kxe5 Ke7 59. Kf5 1-0

[Event "ENCI Limburg-open A"]
[Site "Maastricht"]
[Date "2012.05.26"]
[Round "2"]
[White "De Jonge, Boris"]
[Black "Dekker, Marvin"]
[Result "0-1"]
[WhiteElo "2016"]
[BlackElo "2083"]
[PlyCount "54"]
[EventDate "2012.05.25"]
[EventType "swiss"]
[EventRounds "7"]
[EventCountry "NED"]
[Source "P.Boonen"]
[SourceDate "2013.01.01"]

1. e4 c5 2. Nf3 d6 3. c3 Nf6 4. Be2 g6 5. O-O Bg7 6. Re1 O-O 7. Bf1 Bg4 8. h3
Bxf3 9. Qxf3 Nc6 10. d3 b5 11. Na3 b4 12. Nc2 bxc3 13. bxc3 Qa5 14. Bd2 Nd7 15.
Ne3 Bxc3 16. Bxc3 Qxc3 17. Qg3 Rab8 18. h4 Rb2 19. f4 Nf6 20. Rac1 Nh5 21. Qg4
Qf6 22. Nd5 Qd4+ 23. Kh1 e6 24. Ne3 Rxa2 25. f5 Ne5 26. Qg5 f6 27. Qh6 Nf7 0-1

[Event "ENCI Limburg-open A"]
[Site "Maastricht"]
[Date "2012.05.26"]
[Round "2"]
[White "Dijkhuis, Tycho"]
[Black "Henrichs, Wenke"]
[Result "1-0"]
[WhiteElo "1968"]
[BlackElo "2092"]
[PlyCount "65"]
[EventDate "2012.05.25"]
[EventType "swiss"]
[EventRounds "7"]
[EventCountry "NED"]
[Source "P.Boonen"]
[SourceDate "2013.01.01"]

1. e4 c5 2. Nf3 d6 3. d4 cxd4 4. Nxd4 Nf6 5. Nc3 a6 6. Be3 e5 7. Nb3 Be6 8. Qd2
Be7 9. f3 O-O 10. O-O-O Nbd7 11. g4 b5 12. g5 b4 13. Ne2 Ne8 14. f4 a5 15. f5
a4 16. Nbd4 exd4 17. Nxd4 b3 18. Kb1 bxc2+ 19. Nxc2 Qb8 20. fxe6 fxe6 21. Bh3
Nc7 22. Nd4 Ne5 23. Nxe6 Rc8 24. Rc1 Kh8 25. Nxg7 Qb7 26. Bxc8 Rxc8 27. Nf5 Re8
28. Nxe7 Rxe7 29. Qxd6 Qxe4+ 30. Ka1 Nd5 31. Rc8+ Kg7 32. Qh6+ Kf7 33. Rf8# 1-0

[Event "ENCI Limburg-open A"]
[Site "Maastricht"]
[Date "2012.05.26"]
[Round "2"]
[White "Driessens, Patrick"]
[Black "Tate, Emory"]
[Result "1-0"]
[WhiteElo "2328"]
[BlackElo "2307"]
[PlyCount "93"]
[EventDate "2012.05.25"]
[EventType "swiss"]
[EventRounds "7"]
[EventCountry "NED"]
[Source "P.Boonen"]
[SourceDate "2013.01.01"]

1. Nf3 g6 2. d4 Nf6 3. c4 Bg7 4. Nc3 d5 5. cxd5 Nxd5 6. e4 Nxc3 7. bxc3 c5 8.
Rb1 O-O 9. Be2 b6 10. O-O Bb7 11. Qd3 Ba6 12. Qe3 Bxe2 13. Qxe2 Qc7 14. Bg5 h6
15. Bh4 Rd8 16. Qe3 Na6 17. d5 Re8 18. Rfd1 e5 19. Qe2 Nb8 20. Nd2 Bf8 21. Qb5
Nd7 22. Nc4 Rac8 23. a4 Qb7 24. Qb3 Rb8 25. Na5 Qc7 26. Nc6 Ra8 27. a5 Bd6 28.
c4 Kh7 29. f3 Rg8 30. h3 f5 31. axb6 Nxb6 32. Be1 Qf7 33. Nxa7 Rxa7 34. Qxb6
Rd7 35. Qc6 Rg7 36. Bf2 fxe4 37. fxe4 Qf4 38. Bxc5 Bxc5+ 39. Qxc5 Rc7 40. Qb4
Qxe4 41. d6 Ra7 42. c5 Qe3+ 43. Kh1 Ra2 44. Qg4 h5 45. Qf3 Qxf3 46. gxf3 Rf7
47. Rb3 1-0

[Event "ENCI Limburg-open A"]
[Site "Maastricht"]
[Date "2012.05.26"]
[Round "2"]
[White "Ducarmon, Renzo"]
[Black "Wislez, Francis"]
[Result "1/2-1/2"]
[WhiteElo "2047"]
[BlackElo "2023"]
[PlyCount "43"]
[EventDate "2012.05.25"]
[EventType "swiss"]
[EventRounds "7"]
[EventCountry "NED"]
[Source "P.Boonen"]
[SourceDate "2013.01.01"]

1. e4 e6 2. d4 d5 3. Nd2 a6 4. Ngf3 Nd7 5. Bd3 dxe4 6. Nxe4 Ngf6 7. Bg5 Be7 8.
Nxf6+ Bxf6 9. Bxf6 Qxf6 10. Qe2 Nb6 11. Be4 O-O 12. Qd3 h6 13. O-O-O Nd5 14.
Kb1 Bd7 15. g4 Rfd8 16. h4 Qf4 17. Ne5 Be8 18. Rh3 Nf6 19. f3 c5 20. c3 cxd4
21. cxd4 Bb5 22. Qd2 1/2-1/2

[Event "ENCI Limburg-open A"]
[Site "Maastricht"]
[Date "2012.05.26"]
[Round "2"]
[White "Ernst, Sipke"]
[Black "Hetey, Laszlo"]
[Result "1-0"]
[WhiteElo "2554"]
[BlackElo "2345"]
[PlyCount "63"]
[EventDate "2012.05.25"]
[EventType "swiss"]
[EventRounds "7"]
[EventCountry "NED"]
[Source "P.Boonen"]
[SourceDate "2013.01.01"]

1. d4 Nf6 2. Nf3 e6 3. c4 b6 4. g3 Ba6 5. Qc2 Bb4+ 6. Bd2 Be7 7. e4 d5 8. cxd5
Bxf1 9. Kxf1 exd5 10. e5 Ne4 11. Nc3 Nxc3 12. bxc3 Qd7 13. h4 Nc6 14. Ng5 Nd8
15. Nxh7 Ne6 16. Kg2 c5 17. Be3 cxd4 18. cxd4 Rc8 19. Qd3 Qa4 20. Ng5 Bxg5 21.
hxg5 Rxh1 22. Rxh1 Qc2 23. Qb5+ Qc6 24. Qe2 Ke7 25. Qf3 Qb5 26. g6 fxg6 27. Bc1
Rg8 28. Ba3+ Ke8 29. Rc1 Qd7 30. Bd6 Rh8 31. Qg4 Nf4+ 32. Qxf4 1-0

[Event "ENCI Limburg-open A"]
[Site "Maastricht"]
[Date "2012.05.26"]
[Round "2"]
[White "Esser, Norbert"]
[Black "Kirkebo, Carl Peter"]
[Result "0-1"]
[WhiteElo "2175"]
[BlackElo "2176"]
[PlyCount "73"]
[EventDate "2012.05.25"]
[EventType "swiss"]
[EventRounds "7"]
[EventCountry "NED"]
[Source "P.Boonen"]
[SourceDate "2013.01.01"]

1. e4 c5 2. Nf3 e6 3. c4 Nc6 4. Nc3 Nf6 5. d4 cxd4 6. Nxd4 Bb4 7. Nxc6 bxc6 8.
Bd3 d5 9. exd5 exd5 10. cxd5 O-O 11. O-O cxd5 12. Bg5 Be6 13. Rc1 h6 14. Bh4
Be7 15. Bb1 Rc8 16. Qd3 g6 17. Rfe1 Qb6 18. Qd2 Kg7 19. Na4 Qb4 20. Qxb4 Bxb4
21. Red1 Ne4 22. f3 Nd2 23. Bd3 Nc4 24. Bf2 Ne5 25. Bd4 f6 26. Ba6 Rc6 27. Bb5
Rxc1 28. Rxc1 Rf7 29. Nc5 Bf5 30. a3 Ba5 31. b4 Bb6 32. Nb3 Bd3 33. Bxd3 Nxd3
34. Rd1 Nb2 35. Rc1 Nc4 36. a4 Re7 37. Bxb6 0-1

[Event "ENCI Limburg-open A"]
[Site "Maastricht"]
[Date "2012.05.26"]
[Round "2"]
[White "Fier, Alexandr Hilario T"]
[Black "Goudriaan, Etienne"]
[Result "1-0"]
[WhiteElo "2596"]
[BlackElo "2321"]
[PlyCount "69"]
[EventDate "2012.05.25"]
[EventType "swiss"]
[EventRounds "7"]
[EventCountry "NED"]
[Source "P.Boonen"]
[SourceDate "2013.01.01"]

1. d4 Nf6 2. c4 e6 3. Nf3 d5 4. Nc3 Bb4 5. cxd5 exd5 6. Bg5 h6 7. Bh4 g5 8. Bg3
Ne4 9. Nd2 Nxc3 10. bxc3 Bxc3 11. Rc1 Bb2 12. Bxc7 Qe7 13. Bd6 Qe6 14. Rb1 Qxd6
15. Rxb2 Nc6 16. e3 Bf5 17. h4 g4 18. Be2 h5 19. Rxb7 O-O 20. O-O Rab8 21. Rxb8
Rxb8 22. Nb3 Qa3 23. Qd2 Nb4 24. e4 Bxe4 25. f3 gxf3 26. Bxf3 Bg6 27. Bxh5 Qa6
28. Qg5 Qd3 29. Rf6 Rb6 30. Bxg6 fxg6 31. Rf3 Qb1+ 32. Kh2 Qe4 33. Qd8+ Kg7 34.
Qf8+ Kh7 35. Rf7# 1-0

[Event "ENCI Limburg-open A"]
[Site "Maastricht"]
[Date "2012.05.26"]
[Round "2"]
[White "Gajewski, Grzegorz"]
[Black "Beukema, Stefan"]
[Result "1-0"]
[WhiteElo "2622"]
[BlackElo "2292"]
[PlyCount "51"]
[EventDate "2012.05.25"]
[EventType "swiss"]
[EventRounds "7"]
[EventCountry "NED"]
[Source "P.Boonen"]
[SourceDate "2013.01.01"]

1. d4 Nf6 2. c4 c5 3. d5 b5 4. cxb5 a6 5. bxa6 g6 6. Nc3 Bxa6 7. e4 Bxf1 8.
Kxf1 d6 9. g3 Bg7 10. Kg2 O-O 11. Nf3 Nbd7 12. a4 Ra6 13. Qc2 Qa8 14. Ra3 c4
15. Be3 e6 16. dxe6 fxe6 17. Rd1 Qb7 18. h3 Rb8 19. Rd2 Qb4 20. Qd1 d5 21. exd5
Nxd5 22. Nxd5 exd5 23. Rxd5 c3 24. Rxd7 cxb2 25. Qd5+ Kh8 26. Rd8+ 1-0

[Event "ENCI Limburg-open A"]
[Site "Maastricht"]
[Date "2012.05.26"]
[Round "2"]
[White "Goes, Sten"]
[Black "De Moor, Eric"]
[Result "1-0"]
[WhiteElo "2147"]
[BlackElo "2071"]
[PlyCount "61"]
[EventDate "2012.05.25"]
[EventType "swiss"]
[EventRounds "7"]
[EventCountry "NED"]
[Source "P.Boonen"]
[SourceDate "2013.01.01"]

1. e4 Nf6 2. e5 Nd5 3. c4 Nb6 4. d4 d6 5. f4 dxe5 6. fxe5 Nc6 7. Be3 Bf5 8. Nc3
e6 9. Nf3 Bb4 10. Be2 Qd7 11. O-O Bxc3 12. bxc3 Na5 13. c5 Nbc4 14. Bc1 b6 15.
cxb6 axb6 16. Nh4 Be4 17. Rf4 Bc6 18. Rg4 Rg8 19. Qf1 Bd5 20. Bd3 g6 21. Bg5
Nb2 22. Bc2 Nac4 23. Qf2 c6 24. Rf4 h6 25. Rf1 Ra7 26. Bxh6 g5 27. Rg4 Rxa2 28.
Rxg5 Rxg5 29. Bxg5 f5 30. exf6 e5 31. f7+ 1-0

[Event "ENCI Limburg-open A"]
[Site "Maastricht"]
[Date "2012.05.26"]
[Round "2"]
[White "Harff, Wilfried"]
[Black "Mengerink, Ynze"]
[Result "0-1"]
[WhiteElo "2187"]
[BlackElo "2137"]
[PlyCount "58"]
[EventDate "2012.05.25"]
[EventType "swiss"]
[EventRounds "7"]
[EventCountry "NED"]
[Source "P.Boonen"]
[SourceDate "2013.01.01"]

1. e4 c6 2. d3 d5 3. Nd2 e5 4. Ngf3 Bd6 5. g3 Nf6 6. Bg2 O-O 7. O-O Re8 8. h3
Qc7 9. c3 a5 10. Re1 b6 11. b3 Ba6 12. Qc2 Nbd7 13. d4 dxe4 14. Nxe4 Nxe4 15.
dxe5 Nxe5 16. Nxe5 Nxg3 17. fxg3 Bxe5 18. Qe4 Bd4+ 19. Qxd4 Rxe1+ 20. Kh2 Rd8
21. Qf2 Re2 22. Qf3 Qe7 23. c4 c5 24. Bg5 f6 25. Bxf6 gxf6 26. Kh1 Rxg2 27.
Qg4+ Kh8 28. Kxg2 Rd2+ 29. Kf1 Qe3 0-1

[Event "ENCI Limburg-open A"]
[Site "Maastricht"]
[Date "2012.05.26"]
[Round "2"]
[White "Hoegener, Claude"]
[Black "Favier, Alain"]
[Result "1-0"]
[WhiteElo "2051"]
[BlackElo "2053"]
[PlyCount "89"]
[EventDate "2012.05.25"]
[EventType "swiss"]
[EventRounds "7"]
[EventCountry "NED"]
[Source "P.Boonen"]
[SourceDate "2013.01.01"]

1. d4 Nf6 2. Nf3 g6 3. Bg5 Bg7 4. Nbd2 d6 5. e3 c6 6. c3 Nbd7 7. Bd3 Qc7 8. Qc2
e5 9. O-O-O Nf8 10. dxe5 dxe5 11. h4 Bg4 12. Qa4 b5 13. Qa6 N8d7 14. Bxf6 Bxf6
15. Nb3 Rc8 16. Be4 Be7 17. Rdg1 Be6 18. Nfd2 Nb8 19. Qa5 Qb7 20. h5 g5 21. g3
Nd7 22. f4 f5 23. Bg2 Bd8 24. Qa3 Qb6 25. Qd6 Kf7 26. e4 Be7 27. Qd3 Rhd8 28.
Qe2 Bc5 29. Rd1 Be3 30. fxg5 f4 31. g6+ Kg8 32. Kb1 a5 33. Bh3 Bxh3 34. Rxh3 a4
35. gxh7+ Kxh7 36. Nc1 Nf6 37. gxf4 Bxf4 38. Nd3 Bh6 39. Nf3 b4 40. cxb4 a3 41.
Nfxe5 Qd4 42. Qf3 Qxe4 43. Qxf6 Rg8 44. Re1 Qd4 45. Qf5+ 1-0

[Event "ENCI Limburg-open A"]
[Site "Maastricht"]
[Date "2012.05.26"]
[Round "2"]
[White "Holscher, Peter"]
[Black "Kampman, Tijmen"]
[Result "0-1"]
[WhiteElo "2089"]
[BlackElo "2116"]
[PlyCount "106"]
[EventDate "2012.05.25"]
[EventType "swiss"]
[EventRounds "7"]
[EventCountry "NED"]
[Source "P.Boonen"]
[SourceDate "2013.01.01"]

1. d4 g6 2. Nf3 Bg7 3. g3 d6 4. Bg2 Nc6 5. O-O Bg4 6. c3 Qc8 7. Qb3 Nf6 8. d5
Nd8 9. Be3 O-O 10. Nbd2 c5 11. dxc6 bxc6 12. Rfe1 Nd5 13. Bg5 Qc7 14. e4 Nb6
15. a4 Rb8 16. Qa3 h6 17. a5 hxg5 18. axb6 axb6 19. Nxg5 Ne6 20. Nxe6 Bxe6 21.
Qa7 Rb7 22. Qa3 b5 23. b4 Rc8 24. Rec1 Rbb8 25. Qa7 c5 26. bxc5 dxc5 27. Qxc7
Rxc7 28. Ra5 Rd7 29. Nb1 Rbd8 30. Bf3 Rb8 31. Be2 c4 32. f4 b4 33. cxb4 Bd4+
34. Kg2 Rxb4 35. f5 gxf5 36. exf5 Bd5+ 37. Kf1 Bb6 38. Ra3 Rb3 39. Ra2 c3 40.
Ra4 Rc7 41. Na3 Be3 42. Rc2 Rcb7 43. Bc4 Rxa3 44. Rxa3 Bxc4+ 45. Kg2 Bd5+ 46.
Kh3 Bd2 47. Raxc3 Bxc3 48. Rxc3 Kg7 49. Rc5 Rd7 50. Kg4 Kf6 51. h4 e5 52. fxe6
Bxe6+ 53. Kh5 Rd8 0-1

[Event "ENCI Limburg-open A"]
[Site "Maastricht"]
[Date "2012.05.26"]
[Round "2"]
[White "Huesmann, Thomas"]
[Black "Woestenburg, Jochem"]
[Result "1-0"]
[WhiteElo "2230"]
[BlackElo "2092"]
[PlyCount "65"]
[EventDate "2012.05.25"]
[EventType "swiss"]
[EventRounds "7"]
[EventCountry "NED"]
[Source "P.Boonen"]
[SourceDate "2013.01.01"]

1. e4 e6 2. d4 d5 3. Nc3 Bb4 4. Nge2 Nf6 5. e5 Ne4 6. a3 Nxc3 7. Nxc3 Bxc3+ 8.
bxc3 c5 9. Qg4 Kf8 10. h4 h5 11. Qf4 Qa5 12. Bd2 Qa4 13. Rh3 Nc6 14. Rb1 c4 15.
Rf3 Nd8 16. Kd1 Qxa3 17. Bc1 Qa2 18. Rb2 Qa4 19. Be2 a5 20. Rb6 Ra6 21. Qg5 Qd7
22. Rxa6 bxa6 23. Ba3+ Kg8 24. Be7 Nc6 25. Bf6 Rh7 26. Rg3 g6 27. Bxh5 Kf8 28.
Be2 Ne7 29. h5 Nf5 30. Rh3 a4 31. hxg6 Rxh3 32. g7+ Kg8 33. gxh3 1-0

[Event "ENCI Limburg-open A"]
[Site "Maastricht"]
[Date "2012.05.26"]
[Round "2"]
[White "In 't Veld, Daan"]
[Black "Reymann, Cedric"]
[Result "1/2-1/2"]
[WhiteElo "2215"]
[BlackElo "2138"]
[PlyCount "74"]
[EventDate "2012.05.25"]
[EventType "swiss"]
[EventRounds "7"]
[EventCountry "NED"]
[Source "P.Boonen"]
[SourceDate "2013.01.01"]

1. e4 d6 2. d4 Nf6 3. Nc3 Nbd7 4. g4 h6 5. h3 e5 6. Nge2 Be7 7. Bg2 c6 8. a4 a5
9. O-O exd4 10. Nxd4 Nc5 11. Bf4 O-O 12. Qd2 Ne6 13. Bg3 Nxd4 14. Qxd4 Be6 15.
Rad1 Ne8 16. Kh1 Bf6 17. Qe3 Qb8 18. Rd2 Qa7 19. Qxa7 Rxa7 20. Bxd6 Nxd6 21.
Rxd6 Be5 22. Rd2 g5 23. Rb1 Raa8 24. Bf1 Kg7 25. Kg2 Rfd8 26. Rbd1 Rh8 27. Rb1
Rhd8 28. Rxd8 Rxd8 29. Rd1 Rh8 30. Rd3 h5 31. Be2 hxg4 32. Bxg4 Bxg4 33. hxg4
Rh4 34. Kf3 Rh3+ 35. Ke2 Rh4 36. Kf3 Rh3+ 37. Ke2 Rh4 1/2-1/2

[Event "ENCI Limburg-open A"]
[Site "Maastricht"]
[Date "2012.05.26"]
[Round "2"]
[White "Jagodzinsky, Andreas"]
[Black "Kizilkaya, Mehmet"]
[Result "1/2-1/2"]
[WhiteElo "2163"]
[BlackElo "2201"]
[PlyCount "100"]
[EventDate "2012.05.25"]
[EventType "swiss"]
[EventRounds "7"]
[EventCountry "NED"]
[Source "P.Boonen"]
[SourceDate "2013.01.01"]

1. c4 Nf6 2. g3 c6 3. Bg2 d5 4. Nf3 g6 5. O-O Bg7 6. cxd5 cxd5 7. Qb3 Nc6 8. d3
O-O 9. Nc3 d4 10. Nb1 e5 11. Nbd2 Qe7 12. Qa3 Qxa3 13. bxa3 Be6 14. Ng5 Bd5 15.
Bh3 h6 16. Nge4 Ne8 17. a4 f5 18. Nc5 Nd6 19. Ba3 Rfd8 20. Bg2 Bxg2 21. Kxg2
Kf7 22. Rfc1 Rac8 23. Rc2 Ne7 24. Rac1 Bf8 25. Bb2 Rb8 26. Nf3 Bg7 27. e3 dxe3
28. fxe3 Nd5 29. Kf2 Nb4 30. Rd2 e4 31. Bxg7 Kxg7 32. Nd4 Rdc8 33. a3 Nxd3+ 34.
Nxd3 exd3 35. Rxc8 Ne4+ 36. Kg2 Rxc8 37. Rxd3 Rc1 38. Rb3 b6 39. a5 bxa5 40.
Rb7+ Kf6 41. Rxa7 Rc5 42. Ra6+ Kf7 43. h4 Nf6 44. Kf3 g5 45. hxg5 hxg5 46. a4
g4+ 47. Kg2 Ne4 48. Rc6 Rxc6 49. Nxc6 Nc3 50. Nxa5 Nxa4 {.....} 1/2-1/2

[Event "ENCI Limburg-open A"]
[Site "Maastricht"]
[Date "2012.05.26"]
[Round "2"]
[White "Jellema, Yme Jan"]
[Black "Gengler, Pierre"]
[Result "1/2-1/2"]
[WhiteElo "2202"]
[BlackElo "2153"]
[PlyCount "118"]
[EventDate "2012.05.25"]
[EventType "swiss"]
[EventRounds "7"]
[EventCountry "NED"]
[Source "P.Boonen"]
[SourceDate "2013.01.01"]

1. e4 c5 2. c3 d5 3. exd5 Qxd5 4. d4 Nf6 5. dxc5 e5 6. Qxd5 Nxd5 7. Nf3 Nc6 8.
b4 f6 9. Bb2 Bf5 10. Nbd2 O-O-O 11. Nc4 b6 12. cxb6 axb6 13. a3 g5 14. Ne3 Nxe3
15. fxe3 g4 16. Ba6+ Kc7 17. Nd2 Ne7 18. Rf1 Bh6 19. Ke2 g3 20. h3 Bg6 21. Rxf6
Bh5+ 22. Nf3 Bxe3 23. c4 Rd2+ 24. Kxe3 Rxb2 25. Re6 Nf5+ 26. Ke4 Nd6+ 27. Ke3
Rxg2 28. Rxe5 Bg6 29. Nd4 Rh2 30. c5 Nc8 31. Rc1 b5 32. Nxb5+ Kb8 33. Bxc8 Rxc8
34. Nd6 Rf8 35. c6 Kc7 36. Nb5+ Kb6 37. c7 g2 38. Rg1 Rxh3+ 39. Kd2 Bd3 40.
Rxg2 Bxb5 41. Rc5 Rxa3 42. c8=Q Rxc8 43. Rxc8 Ra2+ 44. Rc2 Ra3 45. Rg4 Rd3+ 46.
Ke1 Rd6 47. Kf2 Ba6 48. Rc5 h5 49. Rxh5 Re6 50. Rd4 Bb7 51. Kg3 Rf6 52. Re5 Bc6
53. Kg4 Rf1 54. Kg5 Rb1 55. Kf6 Rb2 56. Ke7 Rh2 57. Kd6 Rh6+ 58. Re6 Rxe6+ 59.
Kxe6 Kb5 1/2-1/2

[Event "ENCI Limburg-open A"]
[Site "Maastricht"]
[Date "2012.05.26"]
[Round "2"]
[White "Kangas, Lauri"]
[Black "Timmermans, Ivo"]
[Result "0-1"]
[WhiteElo "2027"]
[BlackElo "2240"]
[PlyCount "80"]
[EventDate "2012.05.25"]
[EventType "swiss"]
[EventRounds "7"]
[EventCountry "NED"]
[Source "P.Boonen"]
[SourceDate "2013.01.01"]

1. d4 Nf6 2. c4 e6 3. Nf3 d5 4. Nc3 c6 5. cxd5 exd5 6. Bg5 h6 7. Bh4 Bf5 8. e3
g5 9. Bg3 Qb6 10. Qc1 Nbd7 11. Be2 Bg7 12. O-O O-O 13. Rd1 Rfe8 14. Ne5 Rad8
15. Bd3 Bxd3 16. Rxd3 Nh5 17. Nxd7 Rxd7 18. Na4 Nxg3 19. hxg3 Qd8 20. Nc5 Rc7
21. Qd1 Qc8 22. Qa4 a6 23. Rc1 Bf8 24. Rdc3 Bd6 25. Nd3 Qf5 26. b4 h5 27. Qc2
g4 28. a4 Qg5 29. b5 Re6 30. bxc6 b6 31. Qb3 h4 32. Nf4 Rh6 33. gxh4 Qxh4 34.
Kf1 Bxf4 35. exf4 Qh1+ 36. Ke2 Re6+ 37. Kd2 Qxg2 38. Kc2 Rexc6 39. Kb1 Rxc3 40.
Rxc3 Qf1+ 0-1